[Event "FRA-chT3 0405"]
[Site "France"]
[Date "2004.11.06"]
[Round "2"]
[White "Boudehen, Stephanie"]
[Black "Myesson, Jean Marc"]
[Result "1-0"]
[WhiteElo "1790"]
[BlackElo "1940"]
[PlyCount "61"]
[EventDate "2004.10.10"]
[EventType "team-tourn"]
[EventRounds "9"]
[EventCountry "FRA"]
[SourceTitle "EXT 2007"]
[Source "ChessBase"]
[SourceDate "2006.11.23"]
[SourceVersion "1"]
[SourceVersionDate "2006.11.23"]
[SourceQuality "1"]

1. d4 Nf6 2. c4 e6 3. Nf3 Bb4+ 4. Bd2 Qe7 5. Nc3 0-0 6. e3 c5 7. Bd3 d6 8. 0-0 e5 9. Ne4 Nxe4 10. Bxe4 exd4 11. Bd5 Bxd2 12. Qxd2 dxe3 13. fxe3 Nd7 14. Rae1 Nf6 15. e4 Nxd5 16. exd5 Qc7 17. Qc2 h6 18. Re3 Bd7 19. Nh4 Rae8 20. Rg3 Re5 21. Qd2 Rh5 22. Nf3 Kh7 23. Re1 Re8 24. Rf1 Bc8 25. Qc3 g6 26. Ne1 Rhe5 27. Nf3 Re3 28. Ng5+ hxg5 29. Rxe3 Rxe3 30. Qxe3 Qd8 31. Rxf7+ 1-0